书目信息 |
| 题名: |
姚明:传奇永不终结
|
|
| 作者: | 宁辛 著 | |
| 分册: | ||
| 出版信息: | 北京 中国广播电视出版社 2003 |
|
| 页数: | 189页 | |
| 开本: | 20cm | |
| 丛书名: | ||
| 单 册: | ||
| 中图分类: | K825.47 | |
| 科图分类: | ||
| 主题词: | ||
| 电子资源: | ||
| ISBN: | 7-5043-4136-3 | |
| 000 | 00905nam0 2200253 45 | |
| 001 | 002561776 | |
| 005 | 20041220084946.9 | |
| 010 | @a7-5043-4136-3@dCNY28.00 | |
| 100 | @a20040117d2003 em y0chiy0110 ea | |
| 101 | 0 | @achi |
| 102 | @aCN@b110000 | |
| 105 | @aa z 000yd | |
| 200 | 1 | @a姚明:传奇永不终结@AYao Ming:Chuan Qi Yong Bu Zhong Jie@f宁辛著@FNingXin Zhu |
| 210 | @a北京@c中国广播电视出版社@d2003 | |
| 215 | @a189页@c照片@d20cm@e1CD | |
| 300 | @aCCTV记者赴美采访姚明实录 | |
| 307 | @a附光盘: ISBN 7-88719-074-6 | |
| 330 | @a本书介绍了姚明的生活及其发展轨迹。具体章节包括:“为篮球而生”、“阳光女孩”与“巧克力男孩”、“在广告中调剂人生”等。 | |
| 517 | 1 | @aCCTV记者赴美采访姚明实录@9CCTV ji zhe fu mei cai fang yao ming shi lu |
| 600 | 0 | @a姚明@f(1980~)@x生平事迹 |
| 690 | @aK825.47@v4 | |
| 701 | 0 | @a宁辛@4著 |
| 801 | 0 | @aCN@bNLC@c20040628 |
| 905 | @b340732-736@dK825.47@e339NX@f5 | |
| 姚明:传奇永不终结/宁辛著.-北京:中国广播电视出版社,2003 |
| 189页:照片;20cm+1CD |
| CCTV记者赴美采访姚明实录 |
| ISBN 7-5043-4136-3:CNY28.00 |
| 本书介绍了姚明的生活及其发展轨迹。具体章节包括:“为篮球而生”、“阳光女孩”与“巧克力男孩”、“在广告中调剂人生”等。 |
| ● |
| 相关链接 |
|
|
|
|
正题名:姚明:传奇永不终结
索取号:K825.47/339NX
 
预约/预借
| 序号 | 登录号 | 条形码 | 馆藏地/架位号 | 状态 | 备注 |
| 1 | 0340732 | 203407321 | 第二样本阅览室/ [索取号:K825.47/339NX] | 在馆 | |
| 2 | 0340733 | 203407330 | 密集书库/ [索取号:K825.47/339NX] | 在馆 | |
| 3 | 0340734 | 203407349 | 密集书库/ [索取号:K825.47/339NX] | 在馆 | |
| 4 | 0340735 | 203407358 | 第二借阅区/ [索取号:K825.47/339NX] | 在馆 | |
| 5 | 0340736 | 203407367 | 第二借阅区/ [索取号:K825.47/339NX] | 在馆 |
本书有关联资源:
1 .光盘 /BIN :姚明:传奇永不终结 /宁辛
下载